Pop Culture Questions – A - Statistics

General Stats
  • This quiz has been taken 118 times
  • The average score is 13 of 36
Answer Stats
Hint Answer % Correct
Girl who fell into a rabbit hole Alice
89%
British singer who sang "Rolling In The Deep" Adele
86%
The Little Mermaid Ariel
78%
Australian rock band which sang "Highway To Hell" AC/DC
76%
A female singer with hits "Sk8er Boi" and "Girlfriend" Avril Lavigne
75%
A female singer who sings "One Last Time" and "Positions" Ariana Grande
66%
American actress from "Maleficent" and "Girl, Interrupted" Angelina Jolie
64%
Legendary king of Britain King Arthur
61%
Darth Vader Anakin Skywalker
57%
American actress or William Shakespeare’s wife Anne Hathaway
57%
Actor, bodybuilder, and the formal governor of California Arnold Schwarzenegger
56%
Actor from "The Butterfly Effect" married to Mila Kunis Ashton Kutcher
54%
American singer, the Queen of Soul Aretha Franklin
53%
Actress from "The Menu" and "The Queen’s Gambit" Anya Taylor-Joy
43%
Edward Cullen’s sister Alice Cullen
39%
Actress from 2007 film "Enchanted" Amy Adams
30%
A French romantic comedy released in 2001 Amélie
28%
Female singer who sang "Salt" and "Kings and Queens" Ava Max
28%
American actor from "Hannibal" and “The Father" Anthony Hopkins
26%
A comic-book Gaulish warrior created by René Goscinny and Albert Uderzo Asterix
23%
A manga and Netflix show taking place in a parallel Tokyo Alice in Borderland
22%
She went missing in "Pretty Little Liars" Alison DiLaurentis
22%
Superhero whose name is Arthur Curry Aquaman
18%
Canadian-American singer, the queen of alt-rock angst Alanis Morissette
15%
She fell in love with Christian Grey Anastasia Steele
15%
The lead singer of Evanescence Amy Lee
14%
K-pop band with Karina, Winter, Nigning, and Giselle aespa
13%
His daughter Abigail Hopkins
11%
An island in which his sword was made Avalon
10%
The main female character of "The Notebook" Allie Hamilton
9%
A red-haired girl from Green Gables Anne Shirley
7%
He became Joker in Todd Phillips’ film Arthur Fleck
7%
Anne Brontë’s novel released in 1847 Agnes Gray
6%
Blackpink Lisa’s first solo full album Alter Ego
6%
The actress who played the main role in it Audrey Tautou
5%
K-pop group with Chorong, Bomi, Eunji, Namjoo, and Hayoung Apink
3%
No matching quizzes found
Score Distribution
Percent of People with Each Score
Percentile by Number Answered
Your Score History
You have not taken this quiz